| 000 | nam a22 4500 | ||
|---|---|---|---|
| 999 |
_c9330 _d9330 |
||
| 008 | 180508b ||||| |||| 00| 0 eng d | ||
| 020 | _a0-394-36434-1 | ||
| 082 |
_21987 _aDC 909 _bW52 |
||
| 245 |
_aThe Western experience: _bvolume II/ _cChambers, Mortimer [and four others]. |
||
| 250 | _aFourth Edition | ||
| 260 |
_aNew York: _bAlfred A. Knopf, _c©1987. |
||
| 300 |
_axvi, 1200 pages: _billustrations; _c24 cm. |
||
| 500 | _aIncludes index. | ||
| 650 | 0 |
_927741 _aCivilization _xHistory |
|
| 650 | 0 |
_927742 _aCivilization, Occidental _xHistory |
|
| 700 |
_927743 _aChambers, Mortimer |
||
| 700 |
_927744 _aGrew, Raymond |
||
| 700 |
_927745 _aHerlihy, David |
||
| 700 |
_927746 _aRabb, Theodore K. |
||
| 700 |
_927747 _aWoloch, Isser |
||
| 942 |
_2ddc _cDC |
||